All Premier League Players of the Season, 2010s - Statistics

General Stats
  • This quiz has been taken 1,484 times
  • The average score is 76 of 190
Answer Stats
Answer % Correct
Wolves Jose Sa
97%
Man United Cristiano Ronaldo
93%
Arsenal Pierre-Emerick Aubameyang
92%
Man United David de Gea
91%
Arsenal Alexis Sanchez
90%
Man United Bruno Fernandes
90%
Arsenal Bukayo Saka
88%
Liverpool Mohamed Salah
88%
Man City Kevin De Bruyne
87%
Tottenham Harry Kane
86%
Liverpool Sadio Mane
86%
Liverpool Virgil van Dijk
86%
Arsenal Aaron Ramsey
85%
Chelsea Eden Hazard
85%
Liverpool Luis Suarez
85%
Man City Sergio Aguero
85%
Man City Bernardo Silva
84%
Man City David Silva
84%
Tottenham Heung-min Son
83%
Chelsea N'golo Kante
83%
Chelsea Petr Cech
83%
Arsenal Robin Van Persie
83%
Arsenal Mesut Ozil
82%
Leicester Jamie Vardy
81%
Man United Javier Hernandez
81%
Liverpool Jordan Henderson
81%
Tottenham Gareth Bale
80%
Man City Yaya Toure
80%
Man City Ruben Dias
79%
Arsenal Alexandre Lacazette
78%
Man United Antonio Valencia
78%
Tottenham Christian Eriksen
78%
Aston Villa Emiliano Martinez
78%
Chelsea Mateo Kovacic
77%
Leicester Harry Maguire
76%
Everton Jordan Pickford
76%
Leicester Riyad Mahrez
75%
Man City Vincent Kompany
75%
Man United Luke Shaw
74%
Tottenham Luka Modric
72%
Chelsea Mason Mount
72%
Liverpool Philippe Coutinho
70%
Leicester Kasper Schmeichel
69%
Tottenham Jan Vertonghen
68%
Everton Romelu Lukaku
68%
Chelsea Willian
67%
Chelsea Juan Mata
66%
Everton Richarlison
66%
Crystal Palace Wilfried Zaha
65%
Leicester Youri Tielemans
64%
Aston Villa Matty Cash
63%
Norwich Teemu Pukki
61%
Arsenal Santi Cazorla
59%
Liverpool Martin Skrtel
58%
Tottenham Toby Alderweireld
58%
Everton Dominic Calvert-Lewin
57%
Man United Michael Carrick
57%
Leicester James Maddison
56%
Swansea, West Ham Lukasz Fabianski
56%
Newcastle Martin Dubravka
56%
Man City Pablo Zabaleta
56%
West Ham Tomas Soucek
56%
Leeds Raphinha
55%
Wolves Raul Jimenez
55%
Man United Ander Herrera
54%
West Ham Declan Rice
54%
Newcastle Joelinton
54%
Burnley Nick Pope
53%
Burnley Chris Wood
52%
Aston Villa Jack Grealish
52%
Southampton James Ward Prowse
52%
West Ham Michail Antonio
52%
Arsenal Jack Wilshere
51%
Newcastle Callum Wilson
50%
Newcastle, Norwich Tim Krul
49%
Fulham Clint Dempsey
47%
Brighton Marc Cucurella
47%
Bournemouth, Sheffield United Aaron Ramsdale
46%
Fulham Dimitar Berbatov
46%
Crystal Palace Jordan Ayew
46%
Brighton Lewis Dunk
46%
Brighton Pascal Gross
46%
Everton Seamus Coleman
44%
Swansea Gylfi Sigurdsson
43%
West Ham Marko Arnautovic
43%
Fulham Alponse Areola
42%
Leicester Ricardo Pereira
41%
Liverpool Lucas Leiva
40%
Southampton Danny Ings
36%
Sunderland Jermaine Defoe
36%
Everton Lucas Digne
36%
Newcastle Salomon Rondon
36%
Everton Leighton Baines
35%
Bournemouth Nathan Ake
34%
Wolves Pedro Neto
34%
West Ham Dmitri Payet
32%
Burnley Maxwel Cornet
32%
Swansea Michu
32%
Crystal Palace Vicente Guaita
32%
Swansea Wilfried Bony
31%
Stoke Jack Butland
30%
West Ham Mark Noble
30%
Stoke Asmir Begovic
29%
Southampton Shane Long
29%
Birmingam City, West Brom Ben Foster
28%
Southampton Jose Fonte
28%
Swansea Ki Sung-yeung
28%
Stoke Peter Crouch
27%
Brentford Christian Norgaard
26%
Crystal Palace Conor Gallagher
26%
Stoke Joe Allen
26%
Leicester Esteban Cambiasso
25%
Bournemouth Ryan Fraser
25%
Brighton Shane Duffy
25%
Aston Villa Brad Guzan
24%
Stoke Robert Huth
24%
Watford Heurelho Gomes
23%
Crystal Palace Aaron Wan-Bissaka
22%
Newcastle Fabricio Coloccini
22%
Southampton Oriel Romeu
21%
Everton Phil Jagielka
21%
Sunderland Simon Mignolet
21%
West Ham Winston Reid
21%
West Brom Sam Johnstone
20%
Aston Villa Stiliyan Petrov
20%
Bournemouth Artur Boruc
19%
Newcastle Jamaal Lascelles
19%
Sunderland Sebastian Larsson
19%
Leeds Stuart Dallas
19%
Burnley Tom Heaton
19%
Southampton Adam Lallana
18%
Everton Gareth Barry
18%
Swansea Michel Vorm
18%
Watford Abdoulaye Doucoure
17%
Southampton Alex McCarthy
17%
Blackburn Rovers Paul Robinson
16%
Blackburn Rovers Yakubu
16%
QPR Charlie Austin
15%
Southampton Morgan Schneiderlin
15%
Everton John Heitinga
14%
Wolves Wayne Hennessey
14%
Hull Curtis Davies
13%
Stoke Ryan Shawcross
13%
Tottenham, West Ham Scott Parker
13%
West Brom Darren Fletcher
12%
Cardiff Neil Etheridge
12%
Wigan Ali Al-Habsi
11%
Watford Etienne Capoue
11%
Sunderland Vito Mannone
11%
West Ham Aaron Cresswell
10%
Burnley Ashley Westwood
10%
Aston Villa Fabian Delph
10%
Southampton Nathan Redmond
10%
Bolton Wanderers Adam Bogdan
9%
Crystal Palace Julian Speroni
9%
Sunderland Stephane Sessegnon
9%
Stoke Steven N'Zonzi
9%
Newcastle Daryl Janmaat
8%
Newcastle Davide Santon
8%
Cardiff David Marshall
8%
Norwich Robert Snodgrass
8%
Norwich Sebastien Bassong
8%
Sheffield United Chris Basham
7%
Norwich Grant Holt
7%
Hull Michael Dawson
7%
Middlesbrough Ben Gibson
6%
Huddersfield Christopher Schindler
6%
Watford Hassane Kamara
6%
Crystal Palace Scott Dann
6%
Newcastle Rob Elliot
5%
Watford Sebastian Prodl
5%
Reading Adam Le Fondre
4%
West Brom Gareth McAuley
4%
West Brom James Morrison
4%
Bournemouth Simon Francis
4%
Aston Villa Stewart Downing
4%
Bolton Wanderers Stuart Holden
4%
West Brom Youssouf Mulumbu
4%
Fulham Ashkan Dejagah
3%
Fulham Calum Chambers
3%
QPR Clint Hill
3%
Wigan Gary Caldwell
3%
Stoke Lee Grant
3%
Newcastle Mike Williamson
3%
Wigan Shaun Maloney
3%
Burnley George Boyd
2%
Wolves Matt Jarvis
2%
Sunderland Phil Bardsley
2%
Norwich Jonny Howson
1%
Hull Sam Clucas
1%
No matching quizzes found
Score Distribution
Percent of People with Each Score
Percentile by Number Answered
Your Score History
You have not taken this quiz